| 000 | 00661nam a2200217 a 4500 | ||
|---|---|---|---|
| 999 |
_c1187 _d1187 |
||
| 001 | 1187 | ||
| 003 | BD-JhCC | ||
| 005 | 20171016171059.0 | ||
| 008 | 171016s2005 bg ||||| |||| 00| 0 ben d | ||
| 035 | _a(BD-JhCC) 1187 | ||
| 040 |
_aBD-JhCC _dBD-JhCC |
||
| 041 | _aben | ||
| 082 |
_a891.4409 _bKAM 2005 |
||
| 100 | _aকামরুজ্জামান, মোঃ | ||
| 245 |
_aমিজান মামা / _cমোঃ কামরুজ্জামান |
||
| 260 |
_aময়মনসিংহ,ঢাকা : _b3 T প্রকাশনী, _c2005 |
||
| 300 |
_a124 p. : _c22 cm |
||
| 650 | _aBengali Lterature | ||
| 942 |
_2ddc _cBK |
||